Bilecik Bilecik Bilecik Bilecik Bilecik

Büyük lugat ve ansiklopedi : (Record no. 5076)

MARC details
000 -BAŞLIK
Sabit Uzunluktaki Kontrol Alanı 00800nam a22002777a 4500
008 - SABİT UZUNLUKTAKİ VERİ ÖGELERİ - GENEL BİLGİ
Sabit Alan 090601b1972 tu |||gre|||#0|||0|tur |
040 ## - KATALOGLAMA KAYNAĞI
Özgün Kataloglama Kurumu TR-BiSEU
Kataloglama Dili tur
Çeviri Kurumu TR-BiSEU
Açıklama Kuralları rda
001 - KONTROL NUMARASI
Control Dosyası 0005094
003 - KONTROL NUMARASI KİMLİĞİ
Kontrol Alanı KOHA_MİRAKIL
005 - EN SON İŞLEM TARİHİ ve ZAMANI
Kontrol Alanı 20260207001433.0
007 - FİZİKSEL TANIM SABİT ALAN - GENEL BİLGİ
Sabit uzunluklu kontrol alanı ta
020 ## - ISBN - ULUSLARARASI STANDART KİTAP NUMARASI
Kullanılabilirlik koşulları 0,01
041 0# - DİL KODU
Metin ya da ses kaydının dil kodu tur
044 ## - YAYINLAYAN/ÜRETEN KURULUŞUN ÜLKE KODU
ISO country code tu
050 ## - SINIFLAMA ve YER NUMARASI
Sınıflama Numarası AE75
Yer Numarası .B89 1972
245 0# - ESER ADI BİLDİRİMİ
Başlık Büyük lugat ve ansiklopedi :
Alt Eseradı vb. Meydan-Larousse/
Sorumluluk Bildirimi yayımlayanlar Safa Kılıçlıoğlu, Nezihe Araz, Hakkı Devrim.
264 #1 - ÜRERİM, YAYIN, DAĞITIM ve TELİF BİLDİRİMİ
Yayın yeri İstanbul :
Yayınlayan Meydan Yayınevi, c1972
Yayın tarihi 1972
300 ## - FİZİKSEL TANIMLAMA
Sayfa, Cilt vb. 12 c.: resimli
336 ## - İÇERİK TÜRÜ
Content type term metin
Content type code txt
Source rdacontent
337 ## - MEDYA TÜRÜ
Media type term aracısız
Media type code n
Source rdamedia
338 ## - TAŞIYICI TÜRÜ
Carrier type term cilt
Carrier type code nc
Source rdacarrier
650 #0 - KONU BAŞLIĞI EK GİRİŞ - KONU TERİMİ
Konusal terim veya coğrafi ad Encyclopedies.
9 (RLIN) 12251
650 #0 - KONU BAŞLIĞI EK GİRİŞ - KONU TERİMİ
Konusal terim veya coğrafi ad Ansiklopediler.
9 (RLIN) 6933
907 ## - LOCAL DATA ELEMENT G, LDG (RLIN)
a Ansiklopedi
942 ## - EK GİRİŞ ÖGELERİ (KOHA)
Source of classification or shelving scheme Library of Congress Classification
Koha item type Book
Holdings
Materyal Türü Kalıcı Konum Mevcut Konum Raf Yeri Koleksiyon Kodu Sınıflandırma Kaynağı Edinim Bilgisi Ana Konular Alt Konular Yer Numarası Cilt Bilgisi Demirbaş Numarası Fatura Tarihi Geri Çekilme Durumu Kayıp Durumu Hasarlı Durumu Kredi için değil Kayıt Tarih Toplam Ödünçverme Son Görülme Tarihi Son Kontrol Tarihi Genel / Bağış Notu
Danışma Kaynakları Prof. Dr. Azmi Özcan Kütüphanesi Prof. Dr. Azmi Özcan Kütüphanesi Uluğbey Salonu Referans Library of Congress Classification Bağış GENEL KONULAR Ansiklopediler AE75 .B89 1972 c.7 0005094 13/08/2010 Düşüldü Kayıp   Ödünç verilmez 01/06/2009   31/10/2025 31/10/2025 Genel Bağış
Danışma Kaynakları Prof. Dr. Azmi Özcan Kütüphanesi Prof. Dr. Azmi Özcan Kütüphanesi Uluğbey Salonu Referans Library of Congress Classification Bağış GENEL KONULAR Ansiklopediler AE75 .B89 1972 c.8 0005095 13/08/2010 Düşüldü Kayıp   Ödünç verilmez 01/06/2009   31/10/2025 31/10/2025 Genel Bağış
Danışma Kaynakları Prof. Dr. Azmi Özcan Kütüphanesi Prof. Dr. Azmi Özcan Kütüphanesi Uluğbey Salonu Referans Library of Congress Classification Bağış GENEL KONULAR Ansiklopediler AE75 .B89 1972 c.9 0005096 13/08/2010 Düşüldü Kayıp   Ödünç verilmez 01/06/2009   31/10/2025 31/10/2025 Genel Bağış
Danışma Kaynakları Prof. Dr. Azmi Özcan Kütüphanesi Prof. Dr. Azmi Özcan Kütüphanesi Uluğbey Salonu Referans Library of Congress Classification Bağış GENEL KONULAR Ansiklopediler AE75 .B89 1972 c.10 0005097 13/08/2010       Ödünç verilmez 01/06/2009   05/12/2024 05/12/2024 Genel Bağış